| 000 | 01082nam a2200301 i 4500 | ||
|---|---|---|---|
| 001 | 000038466 | ||
| 003 | DO-SdBNP | ||
| 005 | 20250923133400.0 | ||
| 007 | ta | ||
| 008 | 130412s1923 dr 000 0 spa d | ||
| 040 |
_aDO-SdBNP _bspa _cBNPHU _erda |
||
| 041 | _aspa | ||
| 082 | 4 |
_a348.7293022 _bR426col 1923- _222 |
|
| 110 | 1 |
_aRepública Dominicana. _9447 |
|
| 240 | 1 | 0 | _a[Leyes, etc.] |
| 245 | 1 | 0 | _aColección de leyes, decretos y resoluciones emanados de los poderes legislativo y ejecutivo de la República. |
| 246 | 1 | 3 | _aColección de leyes, resoluciones, decretos y reglamentos de los poderes legislativo y ejecutivo de la República |
| 250 | _aEdición oficial | ||
| 264 |
_aSanto Domingo : _bImprenta J. R. Vda. García, _c1923- |
||
| 300 |
_avolumen ; _c23 cm. |
||
| 336 |
_atexto _btxt _2rdacontent |
||
| 337 |
_asin mediación _bnc _2rdamedia |
||
| 338 |
_avolumen _bnc _2rdacarrier |
||
| 590 | _aInventariado, 2024 / BT | ||
| 650 | 4 |
_aLegislación por decretos _zRepública Dominicana _935308 |
|
| 910 | _aValidado. Control de calidad MFF | ||
| 942 |
_2ddc _cLBS1 |
||
| 999 |
_c37956 _d37956 |
||